Thornton’s legislative drafting. / (Record no. 5831)

MARC details
000 -LEADER
fixed length control field 00545nam a22001817a 4500
008 - FIXED-LENGTH DATA ELEMENTS--GENERAL INFORMATION
fixed length control field 131109b xxu||||| |||| 00| 0 eng d
020 ## - INTERNATIONAL STANDARD BOOK NUMBER
International Standard Book Number 9-7817-8043-2090
082 ## - DEWEY DECIMAL CLASSIFICATION NUMBER
Edition number 21 ed.
Classification number 340.0149
Item number XAN
100 ## - MAIN ENTRY--PERSONAL NAME
Personal name Xanthaki, Helen
245 ## - TITLE STATEMENT
Title Thornton’s legislative drafting. /
Statement of responsibility, etc Helen Xanthaki
250 ## - EDITION STATEMENT
Edition statement 5 ed.
260 ## - PUBLICATION, DISTRIBUTION, ETC. (IMPRINT)
Place of publication, distribution, etc West Sussex :
Name of publisher, distributor, etc Bloomsbury prof. ltd.
Date of publication, distribution, etc 2013
300 ## - PHYSICAL DESCRIPTION
Extent xxxii, 557 P. ;
Dimensions 25 cm.
500 ## - GENERAL NOTE
General note Includes Index
650 ## - SUBJECT ADDED ENTRY--TOPICAL TERM
Topical term or geographic name as entry element Legislative drafting
650 ## - SUBJECT ADDED ENTRY--TOPICAL TERM
Topical term or geographic name as entry element Thornton’s legislative drafting
942 ## - ADDED ENTRY ELEMENTS (KOHA)
Source of classification or shelving scheme Dewey Decimal Classification
Item type Books
Holdings
Withdrawn status Lost status Source of classification or shelving scheme Damaged status Not for loan Home library Current library Shelving location Date acquired Total Checkouts Full call number Barcode Date last seen Copy number Price effective from Koha item type Public note
    Dewey Decimal Classification     Law Development Centre Main Library Law Development Centre Main Library Text Books and Laws 11/09/2013   340.0149 XAN 8109/2013 11/09/2013 1a 11/09/2013 Books reserve